MDQL
is popping MORE tags! Check the
thread
!
Quizzes
Events
Quiz Creation
Community
Videos
Private Events
Remove Ads
Sign In
Join for FREE
Feedback
Dark Mode
Quiz Categories
Sports
Geography
Music
Movies
Television
Just For Fun
Miscellaneous
History
Literature
Language
Science
Gaming
Entertainment
Religion
Holiday
For Kids
Quiz Lab
Recent
Popular Today
Quiz Kudos Today
Editor Picks
Curator Picks
Quizzes by...
Day
Popularity
Type
Ratings
Length
Year
Community
Subscriptions
Recent Discussions
Orange Saloon
Badges
Playlists
Quests
Create
Leaderboards
Showdown
Live 5
Trivia Bingo
Activity
Puzzle Library
Sporcle Events
Private Events
Virtual Trivia
Globe League
Become a Host
Pub Owners
SporcleCon
Opinionation
Our Games
Videos
Blog
Mobile Apps
Partnerships
Remove Ads and Go Orange
Feedback
Sports
Athletes
MLB
NBA
NHL
NFL
Soccer
Sports Teams
WWE
NCAA
Football
Premier League
Basketball
Baseball
Hockey
Golf
Tennis
Cricket
Rugby
Auto Racing
Olympics
World Cup
Sports
Athletes
MLB
NBA
NHL
NFL
Soccer
Sports Teams
WWE
NCAA
Football
Premier League
Basketball
Baseball
Hockey
Golf
Tennis
Cricket
Rugby
Auto Racing
Olympics
World Cup
Random Quiz
Search Sporcle
×
Quiz Lab
Quiz Lab
Sports
Baseball
Type in answers that appear in a list
Type in answers that appear in a list
Classic
Best Score? Go Orange.
1st RBI's of 2011 MLB season Stats
Can you name the name the players who drove in the 1st RBI for their team in 2011?
By
ABarrett1124
8m
30 Questions
71 Plays
71 Plays
71 Plays
Comments
Comments
Give Quiz Kudos
Give Quiz Kudos
-
- Ratings
hide this ad
Replay
Link that replays current quiz
Next Quiz
Link to next quiz in quiz playlist
You Got
0%
They Got
Avg Score
50%
Avg Friend Score
Upgrade to see
Score Distribution
Jump to the score distribution portion of the page
Score
0/30
Timer
08:00
0
Plays Today
Team
Player
% Correct
New York Yankees
Mark Teixeira
78.9%
Boston Red Sox
Kevin Youkilis
77.5%
Chicago White Sox
Paul Konerko
73.2%
Cincinnati Reds
Joey Votto
73.2%
Philadelphia Phillies
Ryan Howard
71.8%
Baltimore Orioles
Nick Markakis
70.4%
Toronto Blue Jays
Adam Lind
66.2%
Los Angeles Angels
Torii Hunter
64.8%
St Louis Cardinals
Matt Holliday
64.8%
Milwaukee Brewers
Rickie Weeks
64.8%
New York Mets
Carlos Beltran
62%
Texas Rangers
Ian Kinsler
59.2%
Los Angeles Dodgers
Matt Kemp
59.2%
Tampa Bay Rays
Ben Zobrist
56.3%
Atlanta Braves
Brian McCann
54.9%
Team
Player
% Correct
Chicago Cubs
Carlos Pena
54.9%
San Francicso Giants
Pat Burrell
47.9%
Cleveland Indians
Carlos Santana
46.5%
Pittsburgh Pirates
Neil Walker
43.7%
Seattle Mariners
Jack Cust
36.6%
Oakland Athletics
Josh Willingham
35.2%
Kansas City Royals
Jeff Francoeur
33.8%
Minnesota Twins
Danny Valencia
33.8%
Florida Marlins
John Buck
33.8%
Detroit Tigers
Jhonny Peralta
31%
San Diego Padres
Orlando Hudson
28.2%
Houston Astros
Bill Hall
26.8%
Colorado Rockies
Seth Smith
26.8%
Washington Nationals
Danny Espinosa
21.1%
Arizona Diamondbacks
Gerardo Parra
16.9%
Quiz Playlist
Details
Report
Send in Message
Add To Playlist
Classic:
Type in answers that appear in a list
Last Updated: Feb 16, 2017
Quiz Scoreboard
CHALLENGE
Sign Up to Join the Scoreboard
Show All
Scores
Hide
Comments
May contain spoilers
Recently Published
Image Sorting: Flags VI
by Barbecue
Geography
2m
Find the 'City' Movie
by crazypaving
Movies
60s
Colored Red Africa Blitz
by spor1
Geography
45s
More to Explore
Quiz From the Vault
Featured Blog Post
14 Easter Pick-up Lines to Find Eggs With
hide this ad
You Might Also Like...
Tags
Baseball Quiz
MLB Quiz
2011
Drove
Player
rbi
season
team
Today's Top Quizzes in Sports
Browse Sports
hide this ad
Today's Top Quizzes in Baseball
Browse Baseball
Top Contributed Quizzes in Sports
1
Les meilleurs buteurs des matchs entre le PSG et l’OM
2
Les entraîneurs de l'OM et du PSG au 21e siècle
3
Les joueurs passés par le PSG et l'OM
4
2022 World Cup Stars
5
Players with Multiple 50 Home Run Seasons
6
Criteria MLB: Left Handed Sluggers
7
Les joueurs passés par le LOSC et le RC Lens
8
NBA Logic Puzzle 2.0
9
MLB Players with Two .350 Batting Average Seasons
10
FIFA Club World Cup Champions
Explore More
Trending Topics
Harry Potter
Disney
Kpop
Marvel
Crossword
Anime
NBA
Puzzle
Pokémon
Soccer
The Office
Song
NFL
Country
WWE
hide this ad
More By:
ABarrett1124
Quiz
Plays
Rating
Category
Featured
Created
Athletes known by their initials
5,451
3.60
Sports
Feb 17, 2011
NBA Trades - Name the Missing Player
4,014
4.37
Sports
Dec 18, 2010
NFL 2012 Draft - Was he drafted?
3,439
3.70
Sports
May 1, 2012
BLITZ - Heisman winners currently in NFL
3,084
3.51
Sports
Feb 25, 2011
NFL - 1st TD of the season 2009-2012
2,598
4.84
Sports
Nov 11, 2012
Go to Creator's Profile
Score Distribution
Quiz Creator Spotlight
ABarrett1124
Follow
Send a Message
Quizzes Created
-
Created Quiz Play Count
-
More By This Creator
Popular Quizzes Today
1
Colored Red Africa Blitz
2
Find the US States - No Outlines Minefield
3
Find the 'City' Movie
4
5x2 Blitz: Bands
5
The Countries of the World
6
Find the US States
7
Find the Countries of Europe - No Outlines Minefield
8
US States
More Sports Quizzes
Sports Criteria - English Premier League Goalies II
Quiz Lab
Trending Quizzes
Colored Red Europe Blitz I
Colored Red Europe Blitz II
Colored Red Africa Blitz II
Colored Red Europe Blitz III
Colored Red Africa Blitz III
Recently Updated
How Do You Spell That?
pecheneg
Godzilla Movies
pecheneg
Grab Bag: 4-10 Letters
pecheneg
2024 March Madness Bracket
pecheneg
Famous TV Couples
Peacemaker
Champions League XIs: Real Madrid
pecheneg
Largest US Cities 1790-2010
pecheneg
Rides in Walt Disney World
pecheneg
Most Oscar Losses (Acting)
pecheneg
Beyoncé Albums
pecheneg
Trending Topics
Disney
NBA
Marvel
Anime
Kpop
Crossword
Harry Potter
Song
Country
Pokémon
The Office
NFL
Soccer
Puzzle
WWE
Your Account Isn't Verified!
In order to create a playlist on Sporcle, you need to verify the email address you used during registration. Go to your
Sporcle Settings
to finish the process.
Report this User
Report this user for behavior that violates our
Community Guidelines
.
Details:
Send Report
Go to the Sporcle.com Mobile Site →
Comments